000 00808 a2200217 4500
005 2008090809329.0
008 080908t xxu||||| |||| 00| 0 eng d
010 _aENG-87638
020 _a0070648506
_c399.00
035 _aEN-71171
037 _bDBAD / PUB
082 _a530
100 _aGiambattista, Alan
245 _aFundamentals of physics
_cby Alan Giambattista, Betty McCarthy Richardson [and] Robert C. Richardson
250 _aspl. Indian ed.
260 _aNew Delhi
_bTata McGraw-Hill Publishing
_c2008
300 _axxvii, various pagings
_c24 cm(pbk)
490 _aMcgraw-Hill Companies series
942 _adpl
_cEN
_k530 / GIA
_2ddc
_h530
_mGIA
999 _c6774
_d6774